| 000 | 00883nam a2200241Ia 4500 | ||
|---|---|---|---|
| 003 | OSt | ||
| 005 | 20250109153148.0 | ||
| 008 | 210716s2014 xx 000 0 und d | ||
| 020 | _a9788184249019 | ||
| 040 | _cAIMIT LIBRARY | ||
| 041 | _aeng | ||
| 082 |
_a001.072027 _21 _bMOHR |
||
| 245 |
_aDigital libraries : _bReshaping traditional libraries into next generation libraries / _cEdited by Rasmita Mohanty and Ranjit Kumar Das. |
||
| 250 | _a1st ed. | ||
| 260 |
_aNew Delhi : _bAllied Publishers Pvt Ltd , _c2014. |
||
| 300 |
_ax,189p. ; _bPB _c24.9 cm |
||
| 650 |
_aCollection development in digital environment _9192872 |
||
| 650 |
_aResource sharing and networking _9192873 |
||
| 650 |
_aChange management issues and strategies _9192874 |
||
| 700 |
_aMohanty, Rasmita., ed. _9192875 |
||
| 700 |
_aDas Ranjit Kumar., ed. _9192876 |
||
| 942 |
_2ddc _cBK _e1st _k001.072027 MOHR |
||
| 999 |
_c194436 _d194436 |
||